000 00499nam a2200157Ia 4500
008 240729s9999 xx 000 0 und d
022 _a2069-4016
245 0 _aAnnals of Philosophy, Social and Human Disciplines
260 _aRomania
260 _bUniversitatea "Stefan cel Mare" Suceava
650 _a Philosophy (General) | Social Sciences
650 _aPhilosophy. Psychology. Religion
856 _uhttps://doaj.org/toc/49996a61922b4b8cb92420fa26c68cbc
942 _2ddc
942 _cDOAJEJ
999 _c73530
_d73530
945 _a1
_bMadushi Gamage
_c1
_dMadushi Gamage